Catálogo
 En Linea

Sociedad civil y desarrollo sostenible / (Registro nro. 43230)

Detalles MARC
000 -CABECERA
campo de control de longitud fija 00471nam a2200145 a 4500
001 - NÚMERO DE CONTROL
campo de control 000043741
005 - FECHA Y HORA DE LA ÚLTIMA TRANSACCIÓN
campo de control 20201002044939.0
008 - DATOS DE LONGITUD FIJA--INFORMACIÓN GENERAL
campo de control de longitud fija 140422s1997 ck 000 0 spa d
040 ## - FUENTE DE LA CATALOGACIÓN
Centro catalogador/agencia de origen DO-SdBNP
Lengua de catalogación spa
Centro/agencia transcriptor BNPHU
082 ## - NÚMERO DE LA CLASIFICACIÓN DECIMAL DEWEY
Número de clasificación xxx
Número de documento/Ítem xxx
100 1# - ENTRADA PRINCIPAL--NOMBRE DE PERSONA
Nombre de persona Murgueitio Restrepo, Rodrigo.
9 (RLIN) 71570
245 10 - MENCIÓN DE TÍTULO
Título Sociedad civil y desarrollo sostenible /
Mención de responsabilidad, etc. Rodrigo Murgueitio Restrepo.
260 ## - PUBLICACIÓN, DISTRIBUCIÓN, ETC.
Lugar de publicación, distribución, etc. [Colombia] :
Nombre del editor, distribuidor, etc. Sociedad Civil y Desarrollo Sostenible,
Fecha de publicación, distribución, etc. 1997.
300 ## - DESCRIPCIÓN FÍSICA
Extensión 320 p. ;
Dimensiones 21 cm.
Existencias
Estado de retiro Estado de pérdida Restricciones de uso No para préstamo Código de colección Localización permanente Ubicación/localización actual Ubicación en estantería Fecha de adquisición Número de inventario Total de préstamos Signatura topográfica completa Código de barras Fecha visto por última vez Precio válido a partir de Tipo de ítem Koha
      Excluido de préstamo Monografías: Libros y Folletos Patrimonio Dominicano Patrimonio Dominicano En catalogación 22.04.2014 LF1   xxx xxx 43741-10 25.06.2020 25.06.2020 No se presta

Con tecnología Koha